• 首页
  • 本馆介绍
  • 公告通知
  • 最新文献
  • 馆藏检索
  • 电子资源
  • 读者导购
  • 参考咨询
  • 我的图书馆
  • 登录
  • 详细信息显示
  • 放入我的书架
  • 预约/预借图书
  • 作者相关作品
  • 分类相关作品
  • 丛书相关作品
  • 出版社相关作品

书目信息

  • 表格格式
  • 工作单格式
  • 卡片格式
题名:
新编中国思想史二十二讲
    
 
作者: 梁涛 主编
分册:  
出版信息: 北京   高等教育出版社  2012
页数: 619页
开本: 23cm
丛书名:
单 册:
中图分类: B2
科图分类:
主题词: 思想史--中国
电子资源:
ISBN: 978-7-04-032327-6
000 00818nam0 2200229 450
001 0102511713
005 20150327084557.0
010    @a978-7-04-032327-6@dCNY68.00
100    @a20121101d2012 em y0chiy0120 ea
101 0  @achi
102    @aCN@b110000
105    @ay z 000yy
106    @ar
200 1  @a新编中国思想史二十二讲@9Xin Bian Zhong Guo Si;Sai Xiang Shi Er Shi Er Jiang @f梁涛主编@b专著
210    @a北京@c高等教育出版社@d2012
215    @a619页@d23cm
330    @a本书以经学、子学为线索,以思想史上的代表人物、重要经典为内容,选取名家、学者的高质量学术论文,力图整合经学与子学,尤其突出经学在思想史中的地位,从一个新的角度重写中国思想史。
606 0  @a思想史@y中国
690    @aB2@v5
701  0 @a梁涛@f(1965.6~)@4主编@9liang tao
801  0 @aCN@bAZmarc@c20230903
905    @aBZT@dB2@e103@f1@sB2/103
    
    新编中国思想史二十二讲/梁涛主编.-北京:高等教育出版社,2012
    619页;23cm
    
    
    ISBN 978-7-04-032327-6:CNY68.00
    本书以经学、子学为线索,以思想史上的代表人物、重要经典为内容,选取名家、学者的高质量学术论文,力图整合经学与子学,尤其突出经学在思想史中的地位,从一个新的角度重写中国思想史。
●
相关链接 在五车中查询图书 在当当中查询图书 在豆瓣中查询图书


正题名:新编中国思想史二十二讲     索取号:B2/103         预约/预借

序号 登录号 条形码 馆藏地/架位号 状态 备注
1 2000007392   2000007392   旧书回溯/ [索取号:B2/103] 在馆    
山东省滨州职业学院图书馆 欢迎您!
大连网信软件有限公司© 版权所有